A Wizz Air és Ryanair légitársaságok szolgáltatásainak összehasonlítása egy elégedettségvizsgálat alapján

Bibliográfiai részletek
Szerző: Szekeres Barbara
További közreműködők: Brávácz Dr. Ibolya
Dokumentumtípus: Diplomadolgozat
Kulcsszavak:wizz
ryanair
légitársaság
elégedettség
szolgáltatás
felmérés
Online Access:http://dolgozattar.uni-bge.hu/5222

MARC

LEADER 00000nta a2200000 i 4500
001 dolg5222
005 20160727150656.0
008 160429suuuu hu om 000 hun d
040 |a BGE Dolgozattár Repozitórium  |b hun 
041 |a hu 
100 1 |a Szekeres Barbara 
245 1 2 |a A Wizz Air és Ryanair légitársaságok szolgáltatásainak összehasonlítása egy elégedettségvizsgálat alapján  |c Szekeres Barbara  |h [elektronikus dokumentum] 
695 |a wizz 
695 |a ryanair 
695 |a légitársaság 
695 |a elégedettség 
695 |a szolgáltatás 
695 |a felmérés 
700 1 |a Brávácz Dr. Ibolya  |e ths 
856 4 0 |u http://dolgozattar.uni-bge.hu/5222/1/Szekeres%20Barbara-%20Wizz%20%C3%A9s%20Ryan%20szakdolgozat.pdf  |z Dokumentum-elérés